000 00206nam a22000857a 4500
008 170130b xxu||||| |||| 00| 0 eng d
100 _92637
_aSingh.S
245 _aEnglishLanuage-VI
260 _aNew Delhi
_bLP
_c2011
999 _c5781
_d5781